Framed landscapes. (Titelsatznr. 372695)
[ MARC ]
| 000 -Satzkennung | |
|---|---|
| Kontrollfeld mit fester Länge | 00430nam a22001457a 4500 |
| 003 - Kontrollnummer Identifier | |
| Kontrollnummer | OSt |
| 005 - Datum und Zeit der letzten Transaktion | |
| Kontrollnummer | 20230818105202.0 |
| 008 - Feld mit fester Länge zur physischen Beschreibung - Allgemeine Angaben | |
| Kontrollfeld mit fester Länge | 230818b |||||||| |||| 00| 0 eng d |
| 040 ## - Katalogisierungsquelle | |
| Original-Katalogisierungsstelle | DE-2950 |
| Bearbeitungsstelle | DE-2950 |
| Beschreibungsfestlegungen | DE-2950 |
| 100 ## - Haupteintragung - Personenname | |
| Personenname | Frits Gierstberg |
| 245 ## - Titel | |
| Titel | Framed landscapes. |
| Zusatz zum Titel | European photography commissions 1984–2019. |
| Verfasserangabe etc. | Frits Gierstberg (Hgr.) |
| 260 ## - Publikation, Vertrieb usw. (Erscheinungsvermerk) | |
| Erscheinungsort, Vertriebsort etc. | Madrid: |
| Name des Verlags, des Vertriebs etc. | Museo ICO, |
| Date of publication, distribution, etc | 2019. |
| 300 ## - Physische Beschreibung | |
| Umfang | 462 Seiten |
| 942 ## - Zusätzliche Felder (Koha) | |
| Klassifikation oder Aufstellungssystematik | Andere/Generische Klassifikation |
| Koha-Medientyp | Bücher |
| Ausgeschieden | Verloren | Klassifikation oder Aufstellungssystematik | Beschädigt | Nicht entleihbar | Permanenter Standort | Aktueller Standort | Aufstellungsort | Erwerbungsdatum | Anzahl Ausleihen | Signatur | Letzte Aktivität | Exemplarnummer | Preis gültig von | Medientyp | Allgemeine Bemerkungen |
|---|---|---|---|---|---|---|---|---|---|---|---|---|---|---|---|
| Andere/Generische Klassifikation | Stadtarchiv Frankfurt (Oder) | Archivbibliothek | Stadtarchiv Frankfurt (Oder) | Archivbibliothek | Magazin | 18/08/2023 | V: 192 | 18/08/2023 | 129 / 2023 | 18/08/2023 | Bücher | Nachlass von Rudolf Hartmetz |